000 00603nam a2200193Ia 4500
008 140626s9999 xx 000 0 und d
100 _aBykovskyl, Andrea.
245 _aUnderstanding nurses' decisions to treat pain in nursing home residents with dementia /
_cAndrea Bykovskyl ... [et al.].
260 _cc2013.
300 _a6 : 1, page 127
440 _aResearch in Gerontological Nursing
521 _aNUR
650 _aDementia.
650 _aNurses' personal decision.
650 _aNursing homes.
650 _aOlder adults.
650 _aPain treatment/intervention.
942 _cSE
999 _c121460
_d121460